<?xml version="1.0" encoding="UTF-8"?>
<record
    xmlns:xsi="http://www.w3.org/2001/XMLSchema-instance"
    xsi:schemaLocation="http://www.loc.gov/MARC21/slim http://www.loc.gov/standards/marcxml/schema/MARC21slim.xsd"
    xmlns="http://www.loc.gov/MARC21/slim">

  <leader>00617nam a2200193   4500</leader>
  <controlfield tag="001"> 86522</controlfield>
  <controlfield tag="003">BD-RjUL</controlfield>
  <controlfield tag="005">20260520123422.0</controlfield>
  <controlfield tag="008">260520s1959    urd||||| |||| 00| 0 urd d</controlfield>
  <datafield tag="035" ind1=" " ind2=" ">
    <subfield code="a">(BD-RjUL) 86522</subfield>
  </datafield>
  <datafield tag="040" ind1=" " ind2=" ">
    <subfield code="a">BD-RjUL</subfield>
    <subfield code="b">eng</subfield>
    <subfield code="c">BD-RjUL</subfield>
  </datafield>
  <datafield tag="041" ind1=" " ind2=" ">
    <subfield code="a">urd</subfield>
  </datafield>
  <datafield tag="082" ind1=" " ind2=" ">
    <subfield code="2">23</subfield>
    <subfield code="a">330</subfield>
    <subfield code="b">MAI 1959</subfield>
  </datafield>
  <datafield tag="245" ind1="1" ind2="0">
    <subfield code="a">&#x627;&#x633;&#x644;&#x627;&#x645; &#x627;&#x648;&#x631; &#x62C;&#x62F;&#x6CC;&#x62F; &#x645;&#x639;&#x627;&#x634;&#x6CC; &#x646;&#x638;&#x631;&#x6CC;&#x627;&#x62A; ;; Islam Aur  jadid mashi nazaryat /</subfield>
    <subfield code="c">&#x627;&#x628;&#x648;&#x627;&#x644;&#x627;&#x639;&#x644;&#x6CC; &#x645;&#x648;&#x62F;&#x648;&#x62F;&#x6CC; ;;Abul Ala Maududi</subfield>
  </datafield>
  <datafield tag="260" ind1=" " ind2=" ">
    <subfield code="a">Karachi :</subfield>
    <subfield code="b">Islamic pub. ;</subfield>
    <subfield code="c">1959</subfield>
  </datafield>
  <datafield tag="300" ind1=" " ind2=" ">
    <subfield code="a">167 p; </subfield>
    <subfield code="c">17 cm</subfield>
  </datafield>
  <datafield tag="650" ind1=" " ind2=" ">
    <subfield code="a">Islam and modern economic theories</subfield>
    <subfield code="9">18553</subfield>
  </datafield>
  <datafield tag="942" ind1=" " ind2=" ">
    <subfield code="2">ddc</subfield>
    <subfield code="c">BK</subfield>
  </datafield>
  <datafield tag="999" ind1=" " ind2=" ">
    <subfield code="c">86522</subfield>
    <subfield code="d">86522</subfield>
  </datafield>
  <datafield tag="952" ind1=" " ind2=" ">
    <subfield code="0">0</subfield>
    <subfield code="1">0</subfield>
    <subfield code="2">ddc</subfield>
    <subfield code="4">0</subfield>
    <subfield code="7">1</subfield>
    <subfield code="8">NFIC</subfield>
    <subfield code="a">RUCL</subfield>
    <subfield code="b">RUCL</subfield>
    <subfield code="c">Reading</subfield>
    <subfield code="d">2026-05-20</subfield>
    <subfield code="l">0</subfield>
    <subfield code="o">U 297.273 MAI 1959</subfield>
    <subfield code="r">2026-05-20 12:32:59</subfield>
    <subfield code="t">C-1</subfield>
    <subfield code="w">2026-05-20</subfield>
    <subfield code="y">BK</subfield>
  </datafield>
</record>
